Stemmi Squadre di calcio dal dettaglio - Quiz n°33 - Statistics

Statistiche generali
  • Questo quiz è stato fatto 21 volte
  • Il punteggio medio è 6 su 10
Statistiche sulle risposte
con Immagini Risposta % Corretto
Milan
100%
Watford
95%
Union Berlino
90%
Flamengo
60%
Internacional
50%
Sturm Graz
50%
Sheffield United
45%
Cardiff City
30%
Sunderland
30%
CSKA Sofia
15%
Nessun quiz corrispondente trovato
Distribuzione punteggi
Percentuale di utenti per punteggio
Percentile per numero di risposta
I tuoi punteggi nel tempo
Non hai fatto questo quiz